000 00412nam a2200133Ia 4500
008 220620s9999||||xx |||||||||||||| ||und||
022 _a2632-0983
245 0 _aOral Health by Using Probiotic Products
546 _aEnglish[eng]
650 _aMedical microbiology & virology
700 _aMahmoudi, Razzagh
856 _uhttps://mts.intechopen.com/storage/books/8292/authors_book/authors_book.pdf
942 _cEB
999 _c24861
_d24861